Historias de la piel

Uloženo v:
Podrobná bibliografie
Hlavní autor: Vargas, Samuel
Médium: Kniha
Jazyk:Undetermined
Vydáno: San José, Costa Rica Banco Popular y Desarrollo Comunal 1977
Témata:
Tagy: Přidat tag
Žádné tagy, Buďte první, kdo vytvoří štítek k tomuto záznamu!

MARC

LEADER 00000nam a2200000Ia 4500
008 170316s9999 xx 000 0 und d
040 |a cru BVZT 
090 |a 868 V-5h 
100 |a Vargas, Samuel 
245 |a Historias de la piel 
260 |a San José, Costa Rica 
260 |b Banco Popular y Desarrollo Comunal 
260 |c 1977 
300 |a 78 páginas 
650 |a LITERATURA COSTARRICENSE 
650 |a POESÍA 
942 |c 15 D 
999 |c 11641  |d 11641